[Event "Hastings Masters"]
[Site "Horntye, Hastings"]
[Date "2017.12.31"]
[Round "4.11"]
[White "Rolvag, Mikael"]
[Black "Hebden, Mark L"]
[Result "0-1"]
[BlackElo "2445"]
[WhiteElo "2113"]
[LiveChessVersion "1.4.8"]

1. c4 {[%clk 1:40:57]} g6 {[%clk 1:40:52]} 2. g3 {[%clk 1:39:37]} Bg7
{[%clk 1:41:15]} 3. Bg2 {[%clk 1:39:58]} Nf6 {[%clk 1:41:30]} 4. Nc3
{[%clk 1:32:38]} O-O {[%clk 1:41:28]} 5. d3 {[%clk 1:22:24]} d6 {[%clk 1:39:15]}
6. e4 {[%clk 1:17:50]} c5 {[%clk 1:39:22]} 7. Nge2 {[%clk 1:17:39]} Nc6
{[%clk 1:39:38]} 8. O-O {[%clk 1:17:06]} a6 {[%clk 1:38:34]} 9. a4
{[%clk 1:13:31]} Rb8 {[%clk 1:37:46]} 10. h3 {[%clk 1:11:45]} Ne8
{[%clk 1:37:29]} 11. Be3 {[%clk 1:07:27]} e5 {[%clk 1:37:48]} 12. Nd5
{[%clk 1:06:06]} Nc7 {[%clk 1:37:37]} 13. Nxc7 {[%clk 1:04:05]} Qxc7
{[%clk 1:38:00]} 14. Nc3 {[%clk 1:04:29]} Nb4 {[%clk 1:38:18]} 15. Kh2
{[%clk 1:01:19]} Bd7 {[%clk 1:35:07]} 16. Qd2 {[%clk 0:57:20]} b5
{[%clk 1:34:47]} 17. axb5 {[%clk 0:57:22]} axb5 {[%clk 1:35:15]} 18. b3
{[%clk 0:56:52]} Bc6 {[%clk 1:34:44]} 19. Rfc1 {[%clk 0:48:26]} f5
{[%clk 1:30:48]} 20. f4 {[%clk 0:41:15]} bxc4 {[%clk 1:28:34]} 21. dxc4
{[%clk 0:40:21]} fxe4 {[%clk 1:28:40]} 22. Nxe4 {[%clk 0:39:07]} Bxe4
{[%clk 1:25:40]} 23. Bxe4 {[%clk 0:39:05]} exf4 {[%clk 1:26:00]} 24. Bxf4
{[%clk 0:39:07]} Bxa1 {[%clk 1:23:00]} 25. Rxa1 {[%clk 0:38:33]} Rf6
{[%clk 1:22:13]} 26. Rd1 {[%clk 0:36:50]} Re8 {[%clk 1:11:08]} 27. Bg2
{[%clk 0:36:42]} Qf7 {[%clk 1:11:02]} 28. h4 {[%clk 0:31:31]} h5 {[%clk 1:05:08]}
29. Kg1 {[%clk 0:31:25]} Kh7 {[%clk 1:04:48]} 30. Bg5 {[%clk 0:29:58]} Rfe6
{[%clk 1:04:21]} 31. Rf1 {[%clk 0:25:05]} Qg7 {[%clk 1:04:15]} 32. Bh3
{[%clk 0:23:03]} Re2 {[%clk 1:03:46]} 33. Qxd6 {[%clk 0:22:44]} Qd4+
{[%clk 1:03:59]} 34. Qxd4 {[%clk 0:22:36]} cxd4 {[%clk 1:04:28]} 35. Rd1
{[%clk 0:19:43]} Re1+ {[%clk 1:02:39]} 36. Rxe1 {[%clk 0:20:10]} Rxe1+
{[%clk 1:03:04]} 37. Kf2 {[%clk 0:20:29]} Nd3+ {[%clk 1:02:27]} 38. Kf3
{[%clk 0:20:45]} Ne5+ {[%clk 1:02:40]} 39. Kf2 {[%clk 0:21:01]} Rb1
{[%clk 1:01:38]} 40. Be6 {[%clk 0:13:47]} Rb2+ {[%clk 1:01:43]} 41. Kf1
{[%clk 0:13:43]} Rxb3 {[%clk 1:00:41]} 42. Bd5 {[%clk 0:14:03]} d3
{[%clk 0:53:07]} 43. Ke1 {[%clk 0:12:07]} Rc3 {[%clk 0:44:20]} 44. Be3
{[%clk 0:04:36]} Nxc4 {[%clk 0:38:49]} 45. Bxc4 {[%clk 0:04:17]} Rxc4
{[%clk 0:39:12]} 46. Kd2 {[%clk 0:04:44]} Ra4 {[%clk 0:39:35]} 47. Kxd3
{[%clk 0:05:06]} Kg7 {[%clk 0:39:57]} 48. Bd4+ {[%clk 0:49:50]} Kf7
{[%clk 1:26:57]} 49. Be5 {[%clk 0:47:40]} Ke6 {[%clk 1:27:17]} 50. Bc7
{[%clk 0:48:04]} Kf5 {[%clk 1:27:31]} 51. Ke3 {[%clk 0:48:28]} Kg4
{[%clk 1:27:42]} 52. Kf2 {[%clk 0:48:49]} Ra2+ {[%clk 1:28:03]} 53. Kg1
{[%clk 0:49:03]} Kf3 {[%clk 1:28:07]} 0-1

[Event "Hastings Masters"]
[Site "Horntye, Hastings"]
[Date "2017.12.31"]
[Round "4.12"]
[White "Coleman, David J"]
[Black "Kristiansen, Jens"]
[Result "1/2-1/2"]
[BlackElo "2415"]
[WhiteElo "2076"]
[LiveChessVersion "1.4.8"]

1. e4 {[%clk 1:40:35]} c5 {[%clk 1:40:52]} 2. Nf3 {[%clk 1:40:52]} d6
{[%clk 1:41:11]} 3. d4 {[%clk 1:39:46]} cxd4 {[%clk 1:41:34]} 4. Nxd4
{[%clk 1:40:08]} Nf6 {[%clk 1:41:58]} 5. Nc3 {[%clk 1:40:32]} e6 {[%clk 1:42:19]}
6. Be3 {[%clk 1:39:21]} Be7 {[%clk 1:42:03]} 7. Be2 {[%clk 1:36:15]} O-O
{[%clk 1:40:47]} 8. O-O {[%clk 1:34:53]} Nc6 {[%clk 1:41:07]} 9. f4
{[%clk 1:32:32]} Bd7 {[%clk 1:38:25]} 10. Kh1 {[%clk 1:21:55]} Nxd4
{[%clk 1:37:58]} 11. Bxd4 {[%clk 1:18:55]} Bc6 {[%clk 1:38:16]} 12. Bf3
{[%clk 1:15:19]} Qc7 {[%clk 1:34:13]} 13. Qe2 {[%clk 1:10:45]} a6
{[%clk 1:29:55]} 14. Rad1 {[%clk 1:03:20]} b5 {[%clk 1:27:28]} 15. a3
{[%clk 1:01:19]} Rad8 {[%clk 1:17:27]} 16. Qf2 {[%clk 0:56:10]} Qb7
{[%clk 1:15:26]} 17. Qg3 {[%clk 0:51:40]} a5 {[%clk 1:08:04]} 18. Rfe1
{[%clk 0:44:12]} b4 {[%clk 0:54:08]} 19. axb4 {[%clk 0:42:31]} axb4
{[%clk 0:54:08]} 20. Nb1 {[%clk 0:40:33]} g6 {[%clk 0:50:22]} 21. Nd2
{[%clk 0:36:04]} Qb5 {[%clk 0:39:50]} 22. Be2 {[%clk 0:33:34]} Qb8
{[%clk 0:35:49]} 23. Bf3 {[%clk 0:32:05]} Nd7 {[%clk 0:34:58]} 24. Nc4
{[%clk 0:27:55]} Rfe8 {[%clk 0:32:08]} 25. b3 {[%clk 0:23:28]} Bb5
{[%clk 0:29:11]} 26. Ne3 {[%clk 0:21:48]} e5 {[%clk 0:28:40]} 27. Ba1
{[%clk 0:21:05]} Bc6 {[%clk 0:24:55]} 28. Ng4 {[%clk 0:18:46]} f6
{[%clk 0:22:29]} 29. f5 {[%clk 0:12:33]} Kg7 {[%clk 0:18:06]} 30. Bb2
{[%clk 0:11:08]} Rh8 {[%clk 0:15:54]} 31. fxg6 {[%clk 0:08:11]} hxg6
{[%clk 0:16:08]} 32. Ne3 {[%clk 0:08:09]} Kf7 {[%clk 0:12:34]} 33. Nc4
{[%clk 0:05:16]} Nc5 {[%clk 0:10:39]} 34. Bc1 {[%clk 0:04:40]} Ne6
{[%clk 0:06:25]} 35. Be3 {[%clk 0:03:44]} g5 {[%clk 0:04:53]} 36. Rd2
{[%clk 0:02:47]} Nf4 {[%clk 0:03:15]} 37. Red1 {[%clk 0:02:33]} Bb5
{[%clk 0:02:29]} 38. Nb6 {[%clk 0:02:01]} Rh4 {[%clk 0:02:20]} 39. Nd5
{[%clk 0:02:03]} Nxd5 {[%clk 0:01:56]} 40. exd5 {[%clk 0:00:53]} Rdh8
{[%clk 0:01:32]} 41. Bg4 {[%clk 0:48:24]} Rxh2+ {[%clk 0:42:34]} 42. Qxh2
{[%clk 0:35:35]} Rxh2+ {[%clk 0:42:52]} 43. Kxh2 {[%clk 0:36:00]} Qh8+
{[%clk 0:43:12]} 44. Kg1 {[%clk 0:36:21]} Qh4 {[%clk 0:43:29]} 45. Be6+
{[%clk 0:35:42]} Kg6 {[%clk 0:42:49]} 46. Bf2 {[%clk 0:34:17]} Qf4
{[%clk 0:41:34]} 47. Bb6 {[%clk 0:17:25]} Qh4 48. Bf2 Qf4 49. Bb6 Qh4 1/2-1/2

[Event "Hastings Masters"]
[Site "Horntye, Hastings"]
[Date "2017.12.31"]
[Round "4.13"]
[White "Verma, Aditya"]
[Black "Bates, Richard A"]
[Result "0-1"]
[BlackElo "2378"]
[WhiteElo "2069"]
[LiveChessVersion "1.4.8"]

1. e4 {[%clk 1:40:53]} c5 {[%clk 1:40:46]} 2. Nf3 {[%clk 1:41:18]} d6
{[%clk 1:41:12]} 3. d4 {[%clk 1:41:42]} cxd4 {[%clk 1:41:40]} 4. Nxd4
{[%clk 1:42:04]} Nf6 {[%clk 1:42:04]} 5. Nc3 {[%clk 1:42:30]} a6 {[%clk 1:42:29]}
6. h3 {[%clk 1:42:52]} e5 {[%clk 1:42:02]} 7. Nde2 {[%clk 1:43:12]} h5
{[%clk 1:41:26]} 8. Bg5 {[%clk 1:42:11]} Be7 {[%clk 1:40:08]} 9. Bxf6
{[%clk 1:42:15]} Bxf6 {[%clk 1:40:27]} 10. Nd5 {[%clk 1:42:35]} Bg5
{[%clk 1:30:16]} 11. Nec3 {[%clk 1:37:39]} Be6 {[%clk 1:26:08]} 12. Bc4
{[%clk 1:35:19]} Nc6 {[%clk 1:22:34]} 13. O-O {[%clk 1:33:21]} Rc8
{[%clk 1:15:01]} 14. Bb3 {[%clk 1:26:13]} Nd4 {[%clk 1:13:56]} 15. Kh1
{[%clk 1:20:17]} g6 {[%clk 0:54:34]} 16. f4 {[%clk 1:18:05]} Nxb3
{[%clk 0:54:57]} 17. axb3 {[%clk 1:18:08]} exf4 {[%clk 0:52:26]} 18. Nxf4
{[%clk 1:17:03]} O-O {[%clk 0:36:21]} 19. Nxe6 {[%clk 1:14:38]} fxe6
{[%clk 0:36:45]} 20. Qd3 {[%clk 1:14:29]} Kg7 {[%clk 0:32:55]} 21. Rxf8
{[%clk 1:04:33]} Qxf8 {[%clk 0:32:51]} 22. Rd1 {[%clk 1:02:07]} Rd8
{[%clk 0:29:54]} 23. Qc4 {[%clk 0:56:12]} Qe7 {[%clk 0:23:57]} 24. b4
{[%clk 0:48:02]} Bf6 {[%clk 0:23:01]} 25. b5 {[%clk 0:40:43]} Be5
{[%clk 0:18:15]} 26. Rf1 {[%clk 0:28:53]} axb5 {[%clk 0:14:50]} 27. Nxb5
{[%clk 0:21:46]} Rf8 {[%clk 0:14:51]} 28. Rxf8 {[%clk 0:18:26]} Qxf8
{[%clk 0:15:18]} 29. Nd4 {[%clk 0:17:04]} Qa8 {[%clk 0:12:02]} 30. Nb3
{[%clk 0:10:06]} Qa2 {[%clk 0:11:09]} 31. g4 {[%clk 0:08:36]} Qb1+
{[%clk 0:08:26]} 32. Kg2 {[%clk 0:08:44]} hxg4 {[%clk 0:07:38]} 33. hxg4
{[%clk 0:09:06]} Qd1 {[%clk 0:07:38]} 34. Qxe6 {[%clk 0:08:40]} Qxc2+
{[%clk 0:05:53]} 35. Kg1 {[%clk 0:08:43]} Qb1+ {[%clk 0:05:54]} 36. Kf2
{[%clk 0:08:51]} Qxb2+ {[%clk 0:06:17]} 37. Kf1 {[%clk 0:08:28]} Qb1+
{[%clk 0:06:30]} 38. Kf2 {[%clk 0:08:50]} Qc2+ {[%clk 0:05:49]} 39. Kg1
{[%clk 0:08:06]} Qh2+ {[%clk 0:03:21]} 40. Kf1 {[%clk 0:08:21]} Qf4+
{[%clk 0:03:13]} 41. Kg1 {[%clk 0:07:52]} Kh6 {[%clk 0:48:02]} 42. Qd5
{[%clk 0:56:04]} Qxg4+ {[%clk 0:47:38]} 43. Kf1 {[%clk 0:55:59]} Qf3+
{[%clk 0:43:46]} 44. Kg1 {[%clk 0:56:17]} Bf4 {[%clk 0:42:10]} 45. Nd4
{[%clk 0:55:58]} Be3+ {[%clk 0:41:48]} 0-1

[Event "Hastings Masters"]
[Site "Horntye, Hastings"]
[Date "2017.12.31"]
[Round "4.14"]
[White "Mannion, Stephen R"]
[Black "Sugden, John N"]
[Result "1/2-1/2"]
[BlackElo "2059"]
[WhiteElo "2285"]
[LiveChessVersion "1.4.8"]

1. e4 {[%clk 1:40:58]} c6 {[%clk 1:40:32]} 2. d4 {[%clk 1:41:22]} d5
{[%clk 1:40:54]} 3. e5 {[%clk 1:41:47]} c5 {[%clk 1:40:53]} 4. dxc5
{[%clk 1:39:42]} e6 {[%clk 1:40:59]} 5. Be3 {[%clk 1:39:57]} Nd7 {[%clk 1:40:52]}
6. Bb5 {[%clk 1:32:35]} Qc7 {[%clk 1:40:38]} 7. Nf3 {[%clk 1:32:55]} Bxc5
{[%clk 1:40:37]} 8. Bxc5 {[%clk 1:33:03]} Qxc5 {[%clk 1:40:56]} 9. Nc3
{[%clk 1:33:23]} Ne7 {[%clk 1:40:37]} 10. O-O {[%clk 1:33:33]} O-O
{[%clk 1:40:22]} 11. Re1 {[%clk 1:33:10]} Ng6 {[%clk 1:38:50]} 12. Bd3
{[%clk 1:25:30]} a6 {[%clk 1:34:45]} 13. h4 {[%clk 1:24:39]} Qe7 {[%clk 1:04:51]}
14. h5 {[%clk 1:14:25]} Nf4 {[%clk 1:03:05]} 15. Qd2 {[%clk 1:14:06]} Nxd3
{[%clk 1:01:42]} 16. cxd3 {[%clk 1:13:55]} h6 {[%clk 0:57:40]} 17. Rac1
{[%clk 1:10:11]} Nb8 {[%clk 0:49:47]} 18. Na4 {[%clk 1:03:08]} Nc6
{[%clk 0:49:39]} 19. Nb6 {[%clk 0:52:54]} Rb8 {[%clk 0:49:02]} 20. a3
{[%clk 0:53:16]} Bd7 {[%clk 0:46:54]} 21. b4 {[%clk 0:53:41]} Be8
{[%clk 0:45:08]} 22. Qe3 {[%clk 0:53:30]} Qd8 {[%clk 0:40:46]} 23. Qc5
{[%clk 0:51:20]} f6 {[%clk 0:35:44]} 24. exf6 {[%clk 0:37:45]} Rxf6
{[%clk 0:33:25]} 25. Ne5 {[%clk 0:34:33]} Rf5 {[%clk 0:32:35]} 26. Nxc6
{[%clk 0:34:02]} bxc6 {[%clk 0:30:28]} 27. Rxe6 {[%clk 0:34:17]} Rxh5
{[%clk 0:18:32]} 28. Qd4 {[%clk 0:17:25]} Rxb6 {[%clk 0:11:26]} 29. Rxe8+
{[%clk 0:17:02]} Qxe8 {[%clk 0:11:50]} 30. Qxb6 {[%clk 0:17:27]} Qe5
{[%clk 0:11:48]} 31. Qe3 {[%clk 0:10:27]} Qh2+ {[%clk 0:07:09]} 32. Kf1
{[%clk 0:10:56]} Re5 {[%clk 0:07:04]} 33. Qh3 {[%clk 0:11:24]} Qf4
{[%clk 0:07:12]} 34. Re1 {[%clk 0:08:37]} Rxe1+ {[%clk 0:06:47]} 35. Kxe1
{[%clk 0:09:06]} Qc1+ {[%clk 0:06:43]} 36. Ke2 {[%clk 0:09:34]} Qxa3
{[%clk 0:06:05]} 37. Qe6+ {[%clk 0:08:00]} Kh7 {[%clk 0:05:44]} 38. Qf5+
{[%clk 0:07:39]} Kg8 {[%clk 0:05:59]} 39. Qe6+ {[%clk 0:07:38]} Kh7
{[%clk 0:06:23]} 1/2-1/2

[Event "Hastings Masters"]
[Site "Horntye, Hastings"]
[Date "2017.12.31"]
[Round "4.15"]
[White "Willson, Ollie"]
[Black "Maisuradze, Nino"]
[Result "0-1"]
[BlackElo "2256"]
[WhiteElo "2057"]
[LiveChessVersion "1.4.8"]

1. d4 {[%clk 1:40:58]} Nf6 {[%clk 1:40:50]} 2. c4 {[%clk 1:41:23]} e6
{[%clk 1:41:02]} 3. Nf3 {[%clk 1:41:00]} c5 {[%clk 1:41:19]} 4. Nc3
{[%clk 1:40:44]} a6 {[%clk 1:39:03]} 5. d5 {[%clk 1:12:46]} exd5 {[%clk 1:34:23]}
6. cxd5 {[%clk 1:12:43]} d6 {[%clk 1:25:16]} 7. Bf4 {[%clk 0:58:50]} b5
{[%clk 1:24:58]} 8. Qc2 {[%clk 0:42:22]} g6 {[%clk 1:21:40]} 9. e4
{[%clk 0:35:31]} Bg7 {[%clk 1:18:49]} 10. Be2 {[%clk 0:35:45]} O-O
{[%clk 1:18:16]} 11. O-O {[%clk 0:34:01]} Re8 {[%clk 1:16:35]} 12. Nd2
{[%clk 0:27:47]} Ra7 {[%clk 1:03:22]} 13. h3 {[%clk 0:17:36]} b4 {[%clk 0:55:50]}
14. Na4 {[%clk 0:17:59]} Nxd5 {[%clk 0:55:54]} 15. exd5 {[%clk 0:18:23]} Rxe2
{[%clk 0:56:18]} 16. Qd1 {[%clk 0:18:02]} Re8 {[%clk 0:50:15]} 17. Nc4
{[%clk 0:11:22]} Bf8 {[%clk 0:46:38]} 18. Qd2 {[%clk 0:09:26]} Bd7
{[%clk 0:44:32]} 19. Nab6 {[%clk 0:08:05]} Bb5 {[%clk 0:44:43]} 20. b3
{[%clk 0:06:02]} Rb7 {[%clk 0:44:14]} 21. Na4 {[%clk 0:06:01]} Bxa4
{[%clk 0:37:50]} 22. bxa4 {[%clk 0:06:27]} Re4 {[%clk 0:37:49]} 23. Rac1
{[%clk 0:04:10]} Rd4 {[%clk 0:34:16]} 24. Qe3 {[%clk 0:04:20]} Re7
{[%clk 0:34:01]} 25. Qg3 {[%clk 0:03:24]} Ree4 {[%clk 0:34:01]} 26. Bxd6
{[%clk 0:03:46]} Rxc4 {[%clk 0:33:59]} 27. Bxb8 {[%clk 0:04:09]} Rxc1
{[%clk 0:33:56]} 28. Rxc1 {[%clk 0:04:36]} Qxd5 {[%clk 0:34:20]} 29. Qf3
{[%clk 0:03:50]} Rd4 {[%clk 0:30:34]} 30. Qf6 {[%clk 0:03:36]} Qe6
{[%clk 0:30:01]} 31. Be5 {[%clk 0:00:56]} Qxf6 {[%clk 0:30:21]} 32. Bxf6
{[%clk 0:01:22]} Rd2 {[%clk 0:22:45]} 33. Re1 {[%clk 0:00:34]} Rd6
{[%clk 0:22:45]} 34. Bg5 {[%clk 0:00:34]} c4 {[%clk 0:20:11]} 35. Re8
{[%clk 0:00:41]} Kg7 {[%clk 0:20:39]} 36. Rc8 {[%clk 0:00:44]} Rd1+
{[%clk 0:18:16]} 37. Kh2 {[%clk 0:01:10]} Bd6+ {[%clk 0:18:17]} 38. g3
{[%clk 0:01:36]} b3 {[%clk 0:18:01]} 39. axb3 {[%clk 0:00:37]} cxb3
{[%clk 0:18:29]} 40. Bc1 {[%clk 0:00:55]} Be5 {[%clk 0:18:45]} 0-1

[Event "Hastings Masters"]
[Site "Horntye, Hastings"]
[Date "2017.12.31"]
[Round "4.16"]
[White "Pitschka, Claus"]
[Black "Forster, Matthew"]
[Result "1-0"]
[BlackElo "1979"]
[WhiteElo "2249"]
[LiveChessVersion "1.4.8"]

1. d4 {[%clk 1:33:58]} d5 {[%clk 1:40:50]} 2. Bf4 {[%clk 1:33:17]} Nf6
{[%clk 1:41:00]} 3. e3 {[%clk 1:33:36]} Bf5 {[%clk 1:39:49]} 4. c4
{[%clk 1:33:25]} c6 {[%clk 1:35:33]} 5. Nc3 {[%clk 1:33:01]} e6 {[%clk 1:34:51]}
6. Qb3 {[%clk 1:33:08]} Qb6 {[%clk 1:34:54]} 7. c5 {[%clk 1:32:39]} Qxb3
{[%clk 1:34:16]} 8. axb3 {[%clk 1:33:02]} Nbd7 {[%clk 1:34:06]} 9. b4
{[%clk 1:32:12]} Nh5 {[%clk 1:30:15]} 10. Nf3 {[%clk 1:24:42]} Nxf4
{[%clk 1:28:33]} 11. exf4 {[%clk 1:25:06]} f6 {[%clk 1:25:59]} 12. Be2
{[%clk 1:10:15]} Be7 {[%clk 1:23:14]} 13. b5 {[%clk 1:10:26]} O-O
{[%clk 1:16:47]} 14. b4 {[%clk 1:09:15]} a6 {[%clk 0:56:53]} 15. b6
{[%clk 1:03:55]} Bg4 {[%clk 0:49:25]} 16. O-O {[%clk 1:03:54]} f5
{[%clk 0:44:54]} 17. Nd2 {[%clk 0:53:45]} Bxe2 {[%clk 0:41:40]} 18. Nxe2
{[%clk 0:54:07]} Bf6 {[%clk 0:41:01]} 19. Nb3 {[%clk 0:54:00]} h6
{[%clk 0:39:05]} 20. g3 {[%clk 0:47:04]} Kf7 {[%clk 0:35:20]} 21. Na5
{[%clk 0:46:26]} Rfb8 {[%clk 0:34:44]} 22. f3 {[%clk 0:41:42]} g6
{[%clk 0:32:12]} 23. Kf2 {[%clk 0:41:10]} Bg7 {[%clk 0:30:07]} 24. Ke3
{[%clk 0:41:12]} Nf6 {[%clk 0:29:40]} 25. Ra2 {[%clk 0:38:18]} g5
{[%clk 0:26:20]} 26. Rfa1 {[%clk 0:36:25]} Kg6 {[%clk 0:22:53]} 27. Nc3
{[%clk 0:34:46]} g4 {[%clk 0:21:25]} 28. Nb3 {[%clk 0:33:59]} h5 {[%clk 0:19:52]}
29. b5 {[%clk 0:33:59]} cxb5 {[%clk 0:16:10]} 30. Nxb5 {[%clk 0:33:55]} Rh8
{[%clk 0:15:19]} 31. Nd6 {[%clk 0:33:09]} Rab8 {[%clk 0:14:43]} 32. Na5
{[%clk 0:32:39]} gxf3 {[%clk 0:13:53]} 33. Naxb7 {[%clk 0:31:21]} Ne4
{[%clk 0:12:38]} 34. Rxa6 {[%clk 0:27:51]} h4 {[%clk 0:11:30]} 35. c6
{[%clk 0:24:20]} hxg3 {[%clk 0:09:50]} 36. hxg3 {[%clk 0:24:37]} f2
{[%clk 0:04:12]} 37. c7 {[%clk 0:23:40]} Ra8 {[%clk 0:02:41]} 38. Rxa8
{[%clk 0:17:11]} Rxa8 {[%clk 0:03:10]} 39. Nxe4 {[%clk 0:17:19]} fxe4
{[%clk 0:01:30]} 40. Rd1 {[%clk 0:16:21]} Bxd4+ {[%clk 0:00:34]} 41. Kxd4
{[%clk 0:16:12]} 1-0

[Event "Hastings Masters"]
[Site "Horntye, Hastings"]
[Date "2017.12.31"]
[Round "4.17"]
[White "Wall, Tim P"]
[Black "Spanton, Tim R"]
[Result "1/2-1/2"]
[BlackElo "1880"]
[WhiteElo "2236"]
[LiveChessVersion "1.4.8"]

1. e4 {[%clk 1:40:55]} e5 {[%clk 1:40:55]} 2. Nf3 {[%clk 1:41:10]} Nc6
{[%clk 1:41:20]} 3. Bc4 {[%clk 1:39:59]} Bc5 {[%clk 1:41:44]} 4. c3
{[%clk 1:39:57]} Nf6 {[%clk 1:41:49]} 5. d3 {[%clk 1:39:07]} a6 {[%clk 1:41:57]}
6. O-O {[%clk 1:39:11]} Ba7 {[%clk 1:40:35]} 7. a4 {[%clk 1:34:12]} O-O
{[%clk 1:40:04]} 8. h3 {[%clk 1:29:28]} d6 {[%clk 1:36:56]} 9. Re1
{[%clk 1:27:19]} Be6 {[%clk 1:34:04]} 10. Nbd2 {[%clk 1:21:15]} Qd7
{[%clk 1:27:21]} 11. Qe2 {[%clk 1:13:05]} Rae8 {[%clk 1:22:40]} 12. Ba2
{[%clk 1:05:43]} Ne7 {[%clk 1:16:38]} 13. Nc4 {[%clk 0:58:18]} Qxa4
{[%clk 1:04:03]} 14. Bg5 {[%clk 0:51:43]} Qd7 {[%clk 1:03:55]} 15. Nh4
{[%clk 0:41:17]} Ng6 {[%clk 1:01:55]} 16. Bxf6 {[%clk 0:37:29]} gxf6
{[%clk 1:02:13]} 17. Qh5 {[%clk 0:37:00]} Kh8 {[%clk 0:47:16]} 18. Ne3
{[%clk 0:32:32]} Rg8 {[%clk 0:44:40]} 19. Nef5 {[%clk 0:13:14]} Nxh4
{[%clk 0:42:02]} 20. Nxh4 {[%clk 0:10:36]} Rg5 {[%clk 0:39:46]} 21. Qh6
{[%clk 0:09:09]} Qe7 {[%clk 0:39:46]} 22. g4 {[%clk 0:05:14]} Reg8
{[%clk 0:36:42]} 23. Kf1 {[%clk 0:05:16]} c6 {[%clk 0:34:36]} 24. d4
{[%clk 0:03:41]} Bxa2 {[%clk 0:33:11]} 25. Rxa2 {[%clk 0:04:06]} Qe6
{[%clk 0:32:45]} 26. Ra4 {[%clk 0:02:39]} Bb8 {[%clk 0:25:59]} 27. d5
{[%clk 0:01:42]} cxd5 {[%clk 0:24:56]} 28. exd5 {[%clk 0:02:06]} Qxd5
{[%clk 0:25:07]} 29. Qxf6+ {[%clk 0:02:25]} R5g7 {[%clk 0:25:19]} 30. Nf5
{[%clk 0:01:39]} Qb5+ {[%clk 0:24:10]} 31. Kg1 {[%clk 0:01:56]} Qxa4
{[%clk 0:24:21]} 32. Nxg7 {[%clk 0:01:29]} Rxg7 {[%clk 0:24:35]} 33. Qd8+
{[%clk 0:01:52]} Rg8 1/2-1/2

[Event "Hastings Masters"]
[Site "Horntye, Hastings"]
[Date "2017.12.31"]
[Round "4.18"]
[White "Rogacewicz, Mikolaj"]
[Black "Chan, Kim Yew"]
[Result "1/2-1/2"]
[WhiteElo "1961"]
[BlackElo "2229"]
[PlyCount "124"]
[EventDate "2017.??.??"]
[WhiteClock "0:58:56"]
[BlackClock "0:04:27"]

1. d4 Nf6 2. c4 b6 3. Nf3 Bb7 4. g3 g6 5. Bg2 Bg7 6. O-O O-O 7. Nc3 Ne4 8. Qc2
Nxc3 9. Qxc3 c5 10. e3 Be4 11. Qa3 d6 12. Bd2 Qc8 13. Rac1 Qb7 14. d5 e6 15.
Bc3 exd5 16. Bxg7 Kxg7 17. Qc3+ Kg8 18. Qf6 dxc4 19. Nh4 Nd7 20. Qxd6 Rad8 21.
Rxc4 Bxg2 22. Nxg2 Qb8 23. Qxb8 Nxb8 24. b4 Na6 25. bxc5 Nxc5 26. Rd4 b5 27.
Rfd1 Ne6 28. Rxd8 Rxd8 29. Rxd8+ Nxd8 30. Kf1 Nc6 31. Ne1 Kf8 32. Ke2 Ke7 33.
e4 Kd6 34. Ke3 Kc5 35. Nd3+ Kc4 36. f4 a5 37. g4 a4 38. f5 b4 39. e5 Kc3 40. e6
fxe6 41. fxe6 a3 42. Nc1 Kc2 43. Nb3 Kb2 44. Kd2 g5 45. h3 Ne7 46. Nc1 Kb1 47.
Nb3 Nd5 48. Nc1 h6 49. Kd1 Kb2 50. Kd2 Ne7 51. Nb3 Kb1 52. Nc1 Nd5 53. Kd1 Nc3+
54. Kd2 Ne4+ 55. Kd1 Nf2+ 56. Kd2 Ne4+ 57. Kd1 Nc3+ 58. Kd2 Nd5 59. Kd1 Ne7 60.
Kd2 Ng6 61. Nb3 Kb2 62. Nc5 Ne7 1/2-1/2

[Event "Hastings Masters"]
[Site "Horntye, Hastings"]
[Date "2017.12.31"]
[Round "4.19"]
[White "Stoyanov, Viktor"]
[Black "Graham, David B"]
[Result "1/2-1/2"]
[BlackElo "2204"]
[WhiteElo "1950"]
[LiveChessVersion "1.4.8"]

1. d4 {[%clk 1:40:57]} Nf6 2. c4 g6 {[%clk 1:41:21]} 3. Nc3 {[%clk 1:41:49]} Bg7
{[%clk 1:41:43]} 4. e4 {[%clk 1:42:14]} d6 {[%clk 1:42:07]} 5. f3
{[%clk 1:42:39]} O-O {[%clk 1:42:24]} 6. Be3 {[%clk 1:43:07]} e5 {[%clk 1:42:14]}
7. Nge2 {[%clk 1:43:28]} Nc6 {[%clk 1:39:22]} 8. d5 {[%clk 1:43:36]} Ne7
{[%clk 1:36:16]} 9. Qd2 {[%clk 1:42:39]} c6 {[%clk 1:34:06]} 10. g4
{[%clk 1:36:38]} cxd5 {[%clk 1:34:19]} 11. cxd5 {[%clk 1:36:58]} Ne8
{[%clk 1:24:16]} 12. g5 {[%clk 1:26:15]} f5 {[%clk 1:17:03]} 13. gxf6
{[%clk 1:25:58]} Nxf6 {[%clk 1:12:33]} 14. Ng3 {[%clk 1:24:34]} h5
{[%clk 1:07:08]} 15. h4 {[%clk 1:19:07]} Kh7 {[%clk 1:07:05]} 16. O-O-O
{[%clk 1:15:26]} Neg8 {[%clk 1:04:47]} 17. Kb1 {[%clk 1:08:59]} Bh6
{[%clk 1:04:28]} 18. Rc1 {[%clk 1:07:39]} Ne8 {[%clk 1:02:50]} 19. Bxh6
{[%clk 1:00:13]} Nxh6 {[%clk 1:03:14]} 20. Qe3 {[%clk 0:59:26]} Bd7
{[%clk 0:56:25]} 21. Nge2 {[%clk 0:54:45]} Rc8 {[%clk 0:39:17]} 22. Bh3
{[%clk 0:49:48]} Rc7 {[%clk 0:33:44]} 23. Rcg1 {[%clk 0:46:14]} a6
{[%clk 0:27:18]} 24. Bxd7 {[%clk 0:38:40]} Rxd7 {[%clk 0:27:41]} 25. Rg3
{[%clk 0:37:55]} Rdf7 {[%clk 0:27:11]} 26. Nd1 {[%clk 0:36:41]} Rf4
{[%clk 0:16:41]} 27. Rgh3 {[%clk 0:36:19]} R4f6 {[%clk 0:16:31]} 28. Nf2
{[%clk 0:34:56]} Qd7 {[%clk 0:15:00]} 29. Rg3 {[%clk 0:33:15]} Ng4
{[%clk 0:08:04]} 30. fxg4 {[%clk 0:29:51]} Rxf2 {[%clk 0:08:27]} 31. gxh5
{[%clk 0:30:04]} Rf1+ {[%clk 0:08:03]} 32. Rxf1 {[%clk 0:30:30]} Rxf1+
{[%clk 0:08:30]} 33. Nc1 {[%clk 0:30:51]} gxh5 {[%clk 0:07:59]} 34. Qg5
{[%clk 0:21:03]} Qf7 {[%clk 0:08:21]} 35. Rc3 {[%clk 0:19:17]} Qg6
{[%clk 0:04:07]} 36. Qe7+ {[%clk 0:14:05]} 1/2-1/2

[Event "Hastings Masters"]
[Site "Horntye, Hastings"]
[Date "2017.12.31"]
[Round "4.20"]
[White "Oyama, Akito"]
[Black "Ruane, Brendan J"]
[Result "1-0"]
[BlackElo "1838"]
[WhiteElo "2185"]
[LiveChessVersion "1.4.8"]

1. e4 {[%clk 1:40:57]} b6 {[%clk 1:40:47]} 2. d4 {[%clk 1:41:20]} Bb7
{[%clk 1:41:10]} 3. Bd3 {[%clk 1:41:44]} e6 {[%clk 1:41:30]} 4. Nf3
{[%clk 1:41:56]} d6 {[%clk 1:40:53]} 5. O-O {[%clk 1:41:52]} Nd7 {[%clk 1:40:59]}
6. a4 {[%clk 1:37:14]} a6 {[%clk 1:41:27]} 7. Qe2 {[%clk 1:33:03]} g6
{[%clk 1:41:49]} 8. Bf4 {[%clk 1:30:43]} Ne7 {[%clk 1:41:45]} 9. Nbd2
{[%clk 1:28:52]} Bg7 {[%clk 1:41:54]} 10. c3 {[%clk 1:27:05]} h6 {[%clk 1:42:11]}
11. h3 {[%clk 1:25:59]} O-O {[%clk 1:41:40]} 12. e5 {[%clk 1:24:07]} d5
{[%clk 1:42:00]} 13. Nh2 {[%clk 1:22:03]} c5 {[%clk 1:38:20]} 14. Ng4
{[%clk 1:19:39]} g5 {[%clk 1:38:13]} 15. Be3 {[%clk 1:19:15]} c4 {[%clk 1:35:11]}
16. Bc2 {[%clk 1:18:47]} f5 {[%clk 1:35:33]} 17. exf6 {[%clk 1:18:40]} Nxf6
{[%clk 1:36:00]} 18. Nxf6+ {[%clk 1:14:49]} Bxf6 {[%clk 1:35:09]} 19. Qh5
{[%clk 1:13:24]} Bg7 {[%clk 1:35:16]} 20. f4 {[%clk 1:12:33]} Nf5
{[%clk 1:33:16]} 21. Bxf5 {[%clk 1:12:44]} Rxf5 {[%clk 1:33:44]} 22. fxg5
{[%clk 1:12:37]} hxg5 {[%clk 1:33:46]} 23. Rxf5 {[%clk 1:10:56]} exf5
{[%clk 1:34:14]} 24. Bxg5 {[%clk 1:10:40]} Qf8 {[%clk 1:34:17]} 25. Qg6
{[%clk 1:04:41]} b5 {[%clk 1:32:27]} 26. axb5 {[%clk 1:03:44]} axb5
{[%clk 1:32:53]} 27. Rxa8 {[%clk 1:03:50]} Bxa8 {[%clk 1:32:57]} 28. Nf3
{[%clk 1:03:48]} Qf7 {[%clk 1:33:05]} 29. Qd6 {[%clk 0:56:00]} Qe8
{[%clk 1:33:28]} 30. Bh6 {[%clk 0:54:32]} Bh8 {[%clk 1:29:34]} 31. Ng5
{[%clk 0:54:10]} b4 {[%clk 1:28:24]} 32. Qc7 {[%clk 0:53:52]} 1-0